Claves de transformación digital: cómo evolucionar y adaptarse a la era digital (Registro nro. 13531)

Detalles MARC
000 -Cabecera
Campo de control de longitud fija 01922nam a22005777a 4500
005 - Fecha y hora de la última transacción
Campo de control 20250627154859.0
008 - Elementos de longitud fija--Información general
Campo de control de longitud fija 230504b2021 |||||||| |||| 00| 0 spa d
020 ## - International Standard Book Number
Número Internacional Estándar del Libro (ISBN) 9788412389531
041 ## - Idioma
Código de idioma Español
082 ## - Clasificación Decimal Dewey
Número de clasificación 658.406.2 L144c
100 ## - Entrada principal--Autor personal
Nombre personal Lacoste, Jesús A.
9 (RLIN) 75779
245 ## - Título propiamente dicho
Título Claves de transformación digital: cómo evolucionar y adaptarse a la era digital
260 ## - Pie de imprenta
Lugar de publicación, distribución, etc. España
260 ## - Pie de imprenta
Nombre del editor, distribuidor, etc. HAC
260 ## - Pie de imprenta
Fecha de publicación, distribución, etc. 2021
300 ## - Descripción física
Extensión 244 páginas
505 ## - Nota de contenido
Nota de contenido Parte I. La transformación digital: personas & tecnología.<br/>Parte II: La transformación del negocio: los clientes.<br/>Parte III: Estrategia de negocio en un mundo digital.
650 ## - Materia general
Temática (materia general) ADMINISTRACIÓN
650 ## - Materia general
Temática (materia general) INCLUYE INNOVACIONES TECNOLÓGICAS
650 ## - Materia general
Temática (materia general) CAMBIO ORGANIZACIONAL
650 ## - Materia general
Temática (materia general) INNOVACIÓN TECNOLÓGICA
650 ## - Materia general
Temática (materia general) TRANSFORMACIÓN DIGITAL EN LA EMPRESA
650 ## - Materia general
Temática (materia general) ETAPAS DE LA TRANSFORMACIÓN DIGITAL
650 ## - Materia general
Temática (materia general) ADMINISTRACIÓN DE EMPRESAS
650 ## - Materia general
Temática (materia general) CULTURA DIGITAL
650 ## - Materia general
Temática (materia general) SOFT SKILLS PARA LA TRANSFORMACIÓN DIGITAL
650 ## - Materia general
Temática (materia general) DISEÑO DE PRODUCTO
650 ## - Materia general
Temática (materia general) CEO
650 ## - Materia general
Temática (materia general) DIRECTIVOS
650 ## - Materia general
Temática (materia general) INNOVACIÓN DISRUPTIVA
650 ## - Materia general
Temática (materia general) GLOBALIZACIÓN 4.0
650 ## - Materia general
Temática (materia general) PRINCIPIO DE PARETO
650 ## - Materia general
Temática (materia general) INTELIGENCIA ARTIFICIAL
650 ## - Materia general
Temática (materia general) SOFT SKILLS
650 ## - Materia general
Temática (materia general) GESTIÓN ÉTICA DE DATOS EN EL MUNDO DIGITAL
650 ## - Materia general
Temática (materia general) CLIENTE DIGITAL
650 ## - Materia general
Temática (materia general) ENGAGEMENT
650 ## - Materia general
Temática (materia general) COMPRAS FUNCIONALES ONLINE
650 ## - Materia general
Temática (materia general) COMPRAS EMOCIONALES FÍSICAS
650 ## - Materia general
Temática (materia general) OPORTUNIDAD DE NEGOCIO
650 ## - Materia general
Temática (materia general) CLIENTES ESTRATÉGICOS
650 ## - Materia general
Temática (materia general) CAMBIO DE COMUNICACIÓN
650 ## - Materia general
Temática (materia general) ESTRATEGIA DE NEGOCIO
650 ## - Materia general
Temática (materia general) CREACIÓN DE PRODUCTOS
650 ## - Materia general
Temática (materia general) TRABAJO EN EQUIPO
650 ## - Materia general
Temática (materia general) PRINCIPIOS EMPRESARIALES
650 ## - Materia general
Temática (materia general) PRINCIPIOS ORGANIZACIONALES
650 ## - Materia general
Temática (materia general) ERA DIGITAL
650 ## - Materia general
Temática (materia general) INTELIGENCIA EMOCIONAL
942 ## - Punto de acceso adicional KOHA
Tipo de ítem KOHA Libro
Fuente del sistema de clasificación o colocación Dewey Decimal Classification
Existencias
Signatura completa Código de barras Programa Académico Tipo de ítem
658.406.2 L144c 25701   Libro